<?xml version='1.0' encoding='UTF-8'?>
  <record xmlns="http://www.loc.gov/MARC21/slim">
    <leader>00000nem a2200000 i 4500</leader>
    <controlfield tag="001">ocn980444902</controlfield>
    <controlfield tag="003">OCoLC</controlfield>
    <controlfield tag="005">20250305145737.4</controlfield>
    <controlfield tag="008">030825s1711    ne        u     0 0 lat d</controlfield>
    <datafield tag="040" ind1=" " ind2=" ">
      <subfield code="a">QGJ</subfield>
      <subfield code="b">dut</subfield>
      <subfield code="c">QGJ</subfield>
    </datafield>
    <datafield tag="035" ind1=" " ind2=" ">
      <subfield code="a">(OCoLC)980444902</subfield>
    </datafield>
    <datafield tag="041" ind1="0" ind2=" ">
      <subfield code="a">fre</subfield>
      <subfield code="a">eng</subfield>
    </datafield>
    <datafield tag="245" ind1="0" ind2="3">
      <subfield code="a">La sphere automatique, travaillée par Thrasius, par les soins de Mr. Adrien Vroesen, &amp; suivant les calculs de Nicolas Stampioen =</subfield>
      <subfield code="b">The automatick or self-moving sphere, mended and repair’d by Thrasius, which was done by the invention and direction of Mr. Adrian Vroesius, according to the calculation of Nicolas Stampioen ....</subfield>
    </datafield>
    <datafield tag="246" ind1="1" ind2=" ">
      <subfield code="a">automatick or self-moving sphere, mended and repair’d by Thrasius, which was done by the invention and direction of Mr. Adrian Vroesius, according to the calculation of Nicolas Stampioen ...</subfield>
    </datafield>
    <datafield tag="264" ind1=" " ind2="1">
      <subfield code="a">A Leide :</subfield>
      <subfield code="b">chez Pierre vander Aa,</subfield>
      <subfield code="c">[1711]</subfield>
    </datafield>
    <datafield tag="300" ind1=" " ind2=" ">
      <subfield code="a">1 plano :</subfield>
      <subfield code="b">ill. ;</subfield>
      <subfield code="c">49 x 36 cm</subfield>
    </datafield>
    <datafield tag="336" ind1=" " ind2=" ">
      <subfield code="a">cartografische afbeelding</subfield>
      <subfield code="b">cri</subfield>
      <subfield code="2">rdacontent/dut</subfield>
    </datafield>
    <datafield tag="337" ind1=" " ind2=" ">
      <subfield code="a">zonder medium</subfield>
      <subfield code="b">n</subfield>
      <subfield code="2">rdamedia/dut</subfield>
    </datafield>
    <datafield tag="338" ind1=" " ind2=" ">
      <subfield code="a">vel</subfield>
      <subfield code="b">nb</subfield>
      <subfield code="2">rdacarrier/dut</subfield>
    </datafield>
    <datafield tag="500" ind1=" " ind2=" ">
      <subfield code="a">Beschrijving van de 'Leidse Sphaera', een mechanisch model van het zonnestelsel.</subfield>
    </datafield>
    <datafield tag="500" ind1=" " ind2=" ">
      <subfield code="a">"Elle fut donnée à l'usage du public par la veuve &amp; les heritiers de Mr. Sebastien Schepers, senateur de la ville de Rotterdam, &amp;c. et augmentée &amp; mise en un meilleur ordre par le très ingenieux Bernard Cloesen. Messieurs les curateurs de l'Université et messieurs les bourguemaitres de la ville de Leyde l’ont destinée aux amateurs des beaux arts &amp; de l’astronomie, en l’an MDCCXI".</subfield>
    </datafield>
    <datafield tag="500" ind1=" " ind2=" ">
      <subfield code="a">Imprint: A Leide, chez Pierre vander Aa, dans l'Academie.</subfield>
    </datafield>
    <datafield tag="650" ind1=" " ind2="7">
      <subfield code="a">Zonnestelsel.</subfield>
      <subfield code="0">(NL-LeOCL)078969018.</subfield>
      <subfield code="2">gtt</subfield>
    </datafield>
    <datafield tag="856" ind1="4" ind2="1">
      <subfield code="u">http://objects.library.uu.nl/reader/resolver.php?obj=002336103&amp;type=2</subfield>
      <subfield code="x">Online</subfield>
      <subfield code="z">Map</subfield>
    </datafield>
    <datafield tag="936" ind1=" " ind2=" ">
      <subfield code="a">BATCHLOAD</subfield>
    </datafield>
  </record>